| 000 | 01483cam a22002655a 4500 | ||
|---|---|---|---|
| 001 | ocn769141511 | ||
| 003 | OSt | ||
| 005 | 20171122142425.0 | ||
| 008 | 111212t2013 moua frb 001 0 eng d | ||
| 020 | _a9780323074131 | ||
| 040 |
_aDNLM/DLC _beng _cDLC _dYDX _dNLM _dTMY _dYDXCP _dVET _dCDX _dEG-ScBUE |
||
| 082 | 0 | 4 |
_222 _a617.9676 _bMAL |
| 100 | 1 |
_aMalamed, Stanley F., _d1944- _940127 |
|
| 245 | 1 | 0 |
_aHandbook of local anesthesia / _cStanley F. Malamed. |
| 250 | _a6th ed. | ||
| 260 |
_aSt. Louis : _bElsevier / Mosby, _cc.2013. |
||
| 300 |
_axv, 409 p. : _bill. ; _c28 cm. |
||
| 504 | _aIncludes bibliographical references and index. | ||
| 505 | 0 | _aNeurophysiology -- Pharmacology of local anesthetics -- Pharmacology of vasoconstrictors -- Clinical action of specific agents -- The syringe / Mark N. Hochman -- The needle -- The cartridge -- Additional armamentarium -- Preparation of the armamentarium -- Physical and pschylogical evaluation -- Basic injection technique -- Anatomical considerations -- Techniques of maxillary anesthesia -- Techniques of mandibular anesthesia -- Supplemental injection techniques / Mark N. Hochman -- Anesthetic considerations in dental specialties -- Local complications -- Systemic complications -- Legal considerations / Daniel Orr -- Future trends in pain control / Mark N. Hochman. | |
| 650 | 7 |
_aAnesthesia in dentistry. _2BUEsh |
|
| 650 | 7 |
_aLocal anesthesia. _2BUEsh |
|
| 651 | _2BUEsh | ||
| 653 |
_bDDent _cNovember2017 |
||
| 942 | _2ddc | ||
| 999 |
_c25640 _d25612 |
||